Advanced General Knowledge Quiz #2 - Statistics

General Stats
  • This quiz has been taken 42 times
  • The average score is 4 of 10
Answer Stats
Question Answer % Correct
Which instrument is NOT a woodwind? Chimes
90%
Which of the following peninsulas is not in Asia? Patagonia
80%
How many letters are in the longest word in the world? 189819
40%
Which one is the sea? Marmara Sea
40%
In how many countries is Spanish an official language? 20
30%
Which city hasn't been the capital of Portugal throughout history? Porto
30%
What's the meaning of gobi in Gobi Desert? Desert
20%
Which is the only country in the world that has land in all four hemispheres? Kiribati
20%
Which element did NOT discovered by Glenn Seaborg? Seaborgium
20%
How many wars did Napoleon Bonaparte won? 56
10%
No matching quizzes found
Score Distribution
Percent of People with Each Score
Percentile by Number Answered
Your Score History
You have not taken this quiz